[Event "Championnat d'Afrique Juniors Filles 201"]
[Site "Hotel Bouazza (Tiaret)"]
[Date "2014.01.29"]
[Round "7.1"]
[White "Yousfi, Yasmine"]
[Black "Oussedik, Nassila"]
[Result "1/2-1/2"]
[WhiteElo "1621"]
[BlackElo "1611"]
[PlyCount "87"]
[EventDate "2014.01.25"]
[EventRounds "9"]
[EventCountry "ALG"]

1. c4 e5 2. Nc3 f5 3. d4 exd4 4. Qxd4 Nc6 5. Qe3+ Qe7 6. Qg3 d6 7. Nh3 Be6 8.
b3 Nb4 9. Bg5 Qd7 10. Rc1 h6 11. Bd2 g5 12. f4 g4 13. Nf2 Bg7 14. a3 Nc6 15. e4
h5 16. Bd3 Bd4 17. exf5 Bxf5 18. Bxf5 Qxf5 19. Nd5 O-O-O 20. Bc3 Bxc3+ 21. Qxc3
Nge7 22. Nxe7+ Nxe7 23. Nd3 Ng6 24. Rf1 Qe4+ 25. Kf2 Nh4 26. Ne1 Qxf4+ 27. Kg1
Qe4 28. c5 dxc5 29. Qxc5 Qd4+ 30. Qxd4 Rxd4 31. Rf2 Rd7 32. Rf6 Rhd8 33. g3
Nf3+ 34. Nxf3 gxf3 35. Rxf3 Rd2 36. Rcf1 Rb2 37. b4 Rdd2 38. Rf8+ Kd7 39. R1f7+
Kc6 40. Rf3 Rg2+ 41. Kf1 Rxh2 42. R3f6+ Kd7 43. R6f7+ Ke6 44. Rxc7 1/2-1/2

[Event "Championnat d'Afrique Juniors Filles 201"]
[Site "Hotel Bouazza (Tiaret)"]
[Date "2014.01.31"]
[Round "9.4"]
[White "Hamlaoui, Asma"]
[Black "Lalaoui, Feriel"]
[Result "0-1"]
[WhiteElo "1630"]
[BlackElo "1733"]
[PlyCount "102"]
[EventDate "2014.01.25"]
[EventRounds "9"]
[EventCountry "ALG"]

1. e4 e5 2. Nf3 Nc6 3. Bb5 a6 4. Ba4 Nf6 5. O-O Be7 6. Re1 b5 7. Bb3 d6 8. h3
O-O 9. c3 Na5 10. Bc2 c5 11. d4 Qc7 12. Nbd2 cxd4 13. cxd4 Nc6 14. d5 Nb4 15.
Bb3 a5 16. a3 Nd3 17. Re3 Nc5 18. Rc3 Bd7 19. Qe2 b4 20. Rc2 Qb6 21. Bc4 Rfc8
22. b3 a4 23. axb4 Nxb3 24. Bxb3 axb3 25. Rxc8+ Rxc8 26. Nxb3 Qxb4 27. Nfd2 g6
28. Ba3 Qb6 29. Kh2 Rc3 30. Rb1 Bb5 31. Qe1 Bd3 32. Rb2 Nh5 33. Nc5 Qa7 34.
Nxd3 Rxd3 35. Bb4 Bg5 36. Bxd6 Bf4+ 37. Kg1 h6 38. Nf3 Qa4 39. Rb1 Qc2 40. Bxe5
Bxe5 41. Nxe5 Rd2 42. Kf1 Nf4 43. Rc1 Rxf2+ 44. Qxf2 Qxc1+ 45. Qe1 Qb2 46. Qg3
Qxe5 47. Qf3 Qa1+ 48. Kf2 Qb2+ 49. Kg3 Ne2+ 50. Kh2 (50. Kg4) 50... Qe5+ 51.
Kh1 Qa1+ 0-1